000 00466ntaaa2200181 4500
003 01
005 20251027202944.0
008 0714s1973 ag 01
040 _aAR-BaBN
_bspa
_cAR-BaBN
_eaacr
_dRIC
082 _a940.1000 P66h
100 _aPirenne, Henri
245 _aHistoria económica y social de la edad media
250 _a1 ed.
260 _aNéxico :
_bFondo de Cultura Económica,
_cc1939
300 _a267 p
650 _aedad media
_95712
942 _cBK
999 _c24883
_d24883